| Tag |
First Indicator |
Second Indicator |
Subfields |
| LEADER |
00000ccm a2200000 a 4500 |
| 001 |
in00002598521 |
| 005 |
20151201154810.0 |
| 008 |
100312s2010 enkbtz ehiz n zxx d |
| 010 |
|
|
|a 2010562356
|
| 020 |
|
|
|a 9781443819404
|
| 020 |
|
|
|a 1443819409
|
| 028 |
0 |
2 |
|a 2489
|b D. Rahter
|
| 035 |
|
|
|a (OCoLC)ocn664050830
|
| 035 |
|
|
|a (OCoLC)664050830
|
| 040 |
|
|
|a CSL
|c CSL
|d DLC
|d TXA
|d UtOrBLW
|
| 041 |
0 |
|
|g eng
|
| 042 |
|
|
|a lccopycat
|
| 049 |
|
|
|a TXAM
|
| 050 |
0 |
0 |
|a M1526.M68
|b P37 2010
|
| 100 |
1 |
|
|a Minkus, L.,
|d 1826-1917.
|
| 245 |
1 |
0 |
|a Paquita :
|b ballet-pantomime in two acts : grand pas classique by Marius Petipa ; Nuit et jour : allegorical ballet in one act by Marius Petipa /
|c [music by] Ludwig Minkus ; compiled and introduced by Robert Ignatius Letellier.
|
| 254 |
|
|
|a Piano score.
|
| 264 |
|
1 |
|a Newcastle upon Tyne, UK :
|b Cambridge Scholars Pub.,
|c 2010.
|
| 300 |
|
|
|a 1 piano score (176 pages) :
|b portrait, illustrations ;
|c 30 cm.
|
| 336 |
|
|
|a notated music
|b ntm
|2 rdacontent
|
| 337 |
|
|
|a unmediated
|b n
|2 rdamedia
|
| 338 |
|
|
|a volume
|b nc
|2 rdacarrier
|
| 500 |
|
|
|a Interpolations by Minkus into the original 1846 score by Edmé Deldevez for a production of Paquita by Marius Petipa in St. Petersburg, 1881.
|
| 500 |
|
|
|a Paquita reproduced from a ms. piano score representative of performance tradition at the Maryinsky Theater and elsewhere in Russia, but not further identified. Nuit et jour reproduced from a piano score originally published: Hamburg : D. Rahter ; St. Petersburg : A. Büttner, approximately 1885.
|
| 500 |
|
|
|a Notes and synopses in English.
|
| 650 |
|
0 |
|a Ballets
|v Excerpts
|v Piano scores.
|
| 650 |
|
0 |
|a Ballets
|v Piano scores.
|
| 650 |
|
0 |
|a Music
|v Manuscripts
|v Facsimiles.
|
| 700 |
1 |
|
|a Minkus, L.,
|d 1826-1917.
|t Nuit et jour.
|
| 700 |
1 |
|
|a Petipa, Marius,
|d 1818-1910.
|
| 700 |
1 |
|
|a Deldevez, Édouard Marie Ernest,
|d 1817-1897.
|t Paquita.
|
| 945 |
|
|
|a PromptCat
|b 58499
|
| 946 |
|
|
|a stk
|
| 947 |
|
|
|a A14840232026
|
| 948 |
|
|
|a cataloged
|b h
|c 2011/2/14
|d c
|e jolivare
|f 11:04:00 am
|
| 994 |
|
|
|a C0
|b TXA
|
| 999 |
|
|
|a MARS
|
| 999 |
f |
f |
|s 114f8c74-e7ac-358c-adde-e9a68b61fe54
|i 915bdb00-3dfa-37ec-bc2b-d926dde1c919
|t 0
|
| 952 |
f |
f |
|p normal
|a Texas A&M University
|b College Station
|c Sterling C. Evans Library
|d Evans: Library Stacks
|t 0
|e M1526.M68 P37 2010
|h Library of Congress classification
|i unmediated -- volume
|m A14840232026
|
| 998 |
f |
f |
|a M1526.M68 P37 2010
|t 0
|l Evans: Library Stacks
|